Modern missions : (Record no. 1647)

MARC details
000 -LEADER
fixed length control field 01248cam a2200349 a 4500
001 - CONTROL NUMBER
control field data
005 - DATE AND TIME OF LATEST TRANSACTION
control field 20260322212110.0
008 - FIXED-LENGTH DATA ELEMENTS--GENERAL INFORMATION
fixed length control field data
010 ## - LIBRARY OF CONGRESS CONTROL NUMBER
LC control number 2023661199
035 ## - SYSTEM CONTROL NUMBER
System control number (OCoLC)416274452
040 ## - CATALOGING SOURCE
Original cataloging agency LOA
Language of cataloging eng
Transcribing agency LOA
Modifying agency DLC
-- OCLCO
-- OCLCQ
-- OCLCO
-- LOA
-- OCLCL
-- OCLCQ
-- DLC
042 ## - AUTHENTICATION CODE
Authentication code lccopycat
050 00 - LIBRARY OF CONGRESS CALL NUMBER
Classification number BV2060
Item number .Y69 1881
100 1# - MAIN ENTRY--PERSONAL NAME
Personal name Young, R.
Fuller form of name (Robert)
245 10 - TITLE STATEMENT
Title Modern missions :
Remainder of title their trials and triumphs /
Statement of responsibility, etc. by Robert Young ; introduction by James H. Wilson
260 ## - PUBLICATION, DISTRIBUTION, ETC.
Place of publication, distribution, etc. London :
Name of publisher, distributor, etc. Marshall Japp & Co,
Date of publication, distribution, etc. 1881.
300 ## - PHYSICAL DESCRIPTION
Extent xii, 406 p. :
Other physical details illus., maps ;
Dimensions 19 cm.
336 ## - CONTENT TYPE
Content type term text
Content type code txt
Source rdacontent
337 ## - MEDIA TYPE
Media type term unmediated
Media type code n
Source rdamedia
338 ## - CARRIER TYPE
Carrier type term volume
Carrier type code nc
Source rdacarrier
500 ## - GENERAL NOTE
General note Includes index.
505 0# - FORMATTED CONTENTS NOTE
Formatted contents note Intro. -- India -- Burmah -- China -- Japan -- South Africa -- W. Africa -- C. Africa -- Madagascar -- E. Polynesia -- C. Polynesia -- Melanesia.
650 #0 - SUBJECT ADDED ENTRY--TOPICAL TERM
Topical term or geographic name entry element Missions
General subdivision History.
650 #0 - SUBJECT ADDED ENTRY--TOPICAL TERM
Topical term or geographic name entry element Missions.
650 #6 - SUBJECT ADDED ENTRY--TOPICAL TERM
Topical term or geographic name entry element Missions
General subdivision Histoire.
650 #7 - SUBJECT ADDED ENTRY--TOPICAL TERM
Topical term or geographic name entry element Missions.
Source of heading or term fast
655 #7 - INDEX TERM--GENRE/FORM
Genre/form data or focus term History.
Source of term fast
906 ## - LOCAL DATA ELEMENT F, LDF (RLIN)
a 0
b cbc
c premunv
d 3
e ncip
f 19
g y-gencatlg
925 0# -
-- acquire
-- 1 shelf copy
-- policy default
Holdings
Withdrawn status Lost status Damaged status Not for loan Home library Current library Shelving location Date acquired Total checkouts Full call number Barcode Date last seen Price effective from Koha item type
        Institut Protestant de Théologie Institut Protestant de Théologie General stacks 22/03/2026   BV2060 LOC-IPT-00038 22/03/2026 22/03/2026 Books